Cities by suburb: New Zealand - Statistics

General Stats
  • This quiz has been taken 23 times
  • The average score is 6 of 9
Answer Stats
Hint Answer % Correct
Ponsonby, Flat Bush, Blockhouse Bay, Cockle Bay Auckland
94%
Hei Hei, Hoon Hay, Hornby, Shirley Christchurch
78%
St Kilda, Balaclava, Halfway Bush, Opoho Dunedin
78%
Fitzroy, Fairfield, St Andrews, Frankton Hamilton
78%
Hataitai, Island Bay, Oriental Bay, Pipitea Wellington
72%
Fairy Springs, Pukehangi, Tikitere, Springfield Rotorua
56%
Bethlehem, Judea, Papamoa Beach, Gate Pa Tauranga
56%
Richmond, Heidelberg, Windsor, Waverley, Appleby Invercargill
33%
Ava, Avalon, Alicetown, Waterloo Lower Hutt
33%
No matching quizzes found
Score Distribution
Percent of People with Each Score
Percentile by Number Answered
Your Score History
You have not taken this quiz